The Pacific states California , Oregon, Washington

Αποθηκεύτηκε σε:
Λεπτομέρειες βιβλιογραφικής εγγραφής
Κύριος συγγραφέας: Neil Morgan
Μορφή: Βιβλίο
Γλώσσα:Undetermined
Έκδοση: New York Time 1967
Θέματα:
Ετικέτες: Προσθήκη ετικέτας
Δεν υπάρχουν, Καταχωρήστε ετικέτα πρώτοι!
Thư viện lưu trữ: Trung tâm Học liệu Trường Đại học Cần Thơ
LEADER 00494nam a2200193Ia 4500
001 CTU_26910
008 210402s9999 xx 000 0 und d
082 |a 979 
082 |b M847 
100 |a Neil Morgan 
245 4 |a The Pacific states 
245 0 |b California , Oregon, Washington 
245 0 |c Neil Morgan 
260 |a New York 
260 |b Time 
260 |c 1967 
650 |a pacific - history 
904 |i Minh, 981021 
980 |a Trung tâm Học liệu Trường Đại học Cần Thơ